Netradiční pomůcky v pohybových hrách II

Saved in:
Bibliographic Details
Main Author Kupr, Jaroslav
Other Authors Pavlína Kuderová, Lenka Knopová
Format Electronic eBook
LanguageCzech
Published Grada 2026
Edition1. elektronické vydání
Subjects
Online AccessDostupné v BOOKPORT po přihlášení pomocí eduID
ISBN978-80-271-8452-1
978-80-271-6145-4
Physical Description1 online zdroj (136 stran)

Cover

LEADER 00000nam a2200000 i 4500
001 bkp15278
003 CZ-prgp
005 20260407112623.0
006 m o d
007 cr cn
008 260407s2026 xr o 000 0 cze
020 |a 978-80-271-8452-1  |c 297 Kč  |q (online ; pdf) 
020 |a 978-80-271-6145-4  |c 355 Kč  |q (print) 
040 |a Grada  |b cze  |e rda 
100 1 |a Kupr, Jaroslav 
245 1 0 |a Netradiční pomůcky v pohybových hrách II  |c Jaroslav Kupr, Pavlína Kuderová, Lenka Knopová 
250 |a 1. elektronické vydání 
264 1 |b Grada  |c 2026 
300 |a 1 online zdroj (136 stran) 
336 |a text  |b txt  |2 rdacontent 
337 |a počítač  |b c  |2 rdamedia 
338 |a online zdroj  |b cr  |2 rdacarrier 
520 3 |a V publikaci naleznete soubor 50 pohybových her dělených do 5 sekcí dle použitých netradičních pomůcek. Jedná se o kelímky, brčka, pěnové nudle, houbičky na nádobí a papírové talíře. Zásobník her je vizualizován do přehledných grafických karet, což umožňuje rychlou aplikaci například ve výuce tělesné výchovy. 
650 0 4 |a Děti a sport 
700 1 |a Pavlína Kuderová 
700 1 |a Lenka Knopová 
856 4 0 |u https://www.bookport.cz/AccountSaml/SignIn/?idp=https://shibboleth.utb.cz/idp/shibboleth&returnUrl=/kniha/netradicni-pomucky-v-pohybovych-hrach-ii-15941/  |y Dostupné v BOOKPORT po přihlášení pomocí eduID